000 00371nam a2200133 a 4500
005 20140414131857.0
008 100827s19uu xx 00 eng d
050 _aFIL
_bM86 2006
100 _aPastor, Boots Agbayani
245 _aThe mouse and the lion :
_bAng daga at ang leon.
260 _aManila, Philippines :
_bLampara,
_c2006.
650 _aFable
999 _c110517
_d110517